[Event "Commonwealth Chess Championship 2008"]
[Site "Nagpur India"]
[Date "2008.10.02"]
[Round "?"]
[White "Surya Shekhar, Ganguly"]
[Black "Swayangsu, Satyapragyan"]
[Result "1-0"]
[WhiteElo "2631"]
[BlackElo "2414"]
[PlyCount "67"]
[EventDate "2008.09.28"]
[Source "MonRoi"]

1. e4 c5 2. Nf3 e6 3. d4 cxd4 4. Nxd4 Nf6 5. Nc3 d6 6. g4 h6 7. h4 Nc6 8. Rg1
d5 9. exd5 Nxd5 10. Nxd5 exd5 11. Be3 Be7 12. Qd2 Bxh4 13. O-O-O Bf6 14. f4
Bxd4 15. Bxd4 Nxd4 16. Qxd4 O-O 17. g5 h5 18. Bd3 Qb6 19. Qxd5 Be6 20. Qf3 Bg4
21. Rxg4 hxg4 22. Qxg4 Rfd8 23. Qh3 g6 24. Rh1 Qd4 25. f5 Re8 26. fxg6 Qe3+ 27.
Qxe3 Rxe3 28. gxf7+ Kxf7 29. Rh7+ Ke6 30. Rxb7 Rg3 31. g6 Rg1+ 32. Kd2 Rg2+ 33.
Kc3 Rc8+ 34. Kb3 1-0

[Event "Commonwealth Chess Championship 2008"]
[Site "Nagpur India"]
[Date "2008.10.02"]
[Round "?"]
[White "Sunil Mokal, Prathamesh"]
[Black "Chakkravarthy J, Deepan"]
[Result "0-1"]
[WhiteElo "2358"]
[BlackElo "2464"]
[PlyCount "118"]
[EventDate "2008.09.28"]
[Source "MonRoi"]

1. e4 c5 2. Nf3 d6 3. d4 cxd4 4. Nxd4 Nf6 5. Nc3 e6 6. Be2 Be7 7. O-O O-O 8.
Be3 Nc6 9. a4 Bd7 10. Ndb5 Qb8 11. Bf4 Ne5 12. Bg5 a6 13. Na3 Bc6 14. f4 Ng6
15. Bd3 h6 16. Bxf6 Bxf6 17. Qd2 Qc7 18. Kh1 Rac8 19. Nab1 d5 20. exd5 exd5 21.
Bxg6 fxg6 22. Nxd5 Bxd5 23. Qxd5+ Kh7 24. Nc3 Bxc3 25. bxc3 Rf5 26. Qe4 Qc6 27.
Qxc6 Rxc6 28. Rf3 Ra5 29. Rd3 b5 30. g3 Rc4 31. Re1 Raxa4 32. Kg2 Re4 33. Kf2
Rxe1 34. Kxe1 Ra1+ 35. Kd2 Rh1 36. h4 Rg1 37. Re3 Kg8 38. Kd3 Rg2 39. Kd4 Kf7
40. Kc5 Rxc2 41. Kb6 Ra2 42. Re5 Ra4 43. Rc5 h5 44. Rg5 Kf6 45. Rc5 Rc4 46.
Rxc4 bxc4 47. Kxa6 Kf5 48. Kb5 Kg4 49. Kxc4 Kxg3 50. Kd4 Kxh4 51. c4 Kg3 52. c5
h4 53. c6 h3 54. c7 h2 55. c8=Q h1=Q 56. Qc2 Qg1+ 57. Ke5 Qe3+ 58. Kd5 Qf3+ 59.
Kc5 Qf2+ 0-1

[Event "Commonwealth Chess Championship 2008"]
[Site "Nagpur India"]
[Date "2008.10.02"]
[Round "?"]
[White "Purushothaman, T."]
[Black "Niaz, Murshed"]
[Result "1/2-1/2"]
[WhiteElo "2303"]
[BlackElo "2437"]
[PlyCount "54"]
[EventDate "2008.09.28"]
[Source "MonRoi"]

1. d4 d6 2. c4 e5 3. Nf3 e4 4. Ng5 f5 5. Nc3 Be7 6. Nh3 Nf6 7. g3 c6 8. d5 Nbd7
9. Bg2 Ne5 10. b3 O-O 11. O-O Ne8 12. Bb2 Bf6 13. Kh1 c5 14. f3 exf3 15. exf3
Nc7 16. Nf4 Ng6 17. Ne6 Nxe6 18. dxe6 Bxe6 19. f4 Rb8 20. Qd2 a6 21. a4 Ne7 22.
Rad1 Bd4 23. Rfe1 Bf7 24. Nd5 Bxd5 25. Bxd5+ Nxd5 26. Bxd4 cxd4 27. cxd5 Qb6
1/2-1/2

[Event "Commonwealth Chess Championship 2008"]
[Site "Nagpur India"]
[Date "2008.10.02"]
[Round "?"]
[White "S P, Sethuraman"]
[Black "Pankaj, Joshi"]
[Result "1-0"]
[WhiteElo "2425"]
[BlackElo "2281"]
[PlyCount "133"]
[EventDate "2008.09.28"]
[Source "MonRoi"]

1. e4 c5 2. Nf3 Nc6 3. d4 cxd4 4. Nxd4 g6 5. c4 Nf6 6. Nc3 d6 7. f3 Nxd4 8.
Qxd4 Bg7 9. Be3 O-O 10. Qd2 Be6 11. Rc1 Nd7 12. b3 Nc5 13. Be2 Qa5 14. O-O Rfc8
15. Rc2 Qb4 16. Rb1 a5 17. Qc1 Qb6 18. Nd5 Qd8 19. Qd2 Bxd5 20. cxd5 Qd7 21.
Rbc1 b6 22. Qd1 b5 23. f4 Nxe4 24. Bxb5 Qd8 25. Bc6 Rab8 26. Rc4 Rb4 27. a3
Rxc4 28. Rxc4 f5 29. b4 axb4 30. axb4 Rb8 31. h3 h5 32. Qa4 h4 33. Rxe4 fxe4
34. b5 Kh7 35. Qa7 Bc3 36. b6 Bd2 37. b7 Bxe3+ 38. Qxe3 Qa5 39. Qxe4 Rxb7 40.
Bxb7 Qb6+ 41. Kh2 Qxb7 42. Qe1 Kg8 43. Qxh4 Qxd5 44. Qxe7 Qd3 45. h4 d5 46. Qg5
Kf7 47. h5 gxh5 48. Qxh5+ Kf8 49. f5 Qd4 50. Qh6+ Kf7 51. Qe6+ Kg7 52. Qe7+ Kh6
53. Qd6+ Kg7 54. Kh3 Qe4 55. Qg6+ Kf8 56. Qf6+ Ke8 57. Qg6+ Kf8 58. Qf6+ Ke8
59. g4 d4 60. Qh8+ Kf7 61. Qh7+ Kf8 62. Qh6+ Kf7 63. Qg6+ Kf8 64. Qd6+ Kf7 65.
Kh4 Qe7+ 66. Qxe7+ Kxe7 67. Kg3 1-0

[Event "Commonwealth Chess Championship 2008"]
[Site "Nagpur India"]
[Date "2008.10.02"]
[Round "?"]
[White "Vinay Kumar, Matta"]
[Black "P D S, Girinath"]
[Result "1/2-1/2"]
[WhiteElo "2265"]
[BlackElo "2423"]
[PlyCount "61"]
[EventDate "2008.09.28"]
[Source "MonRoi"]

1. e4 e6 2. d4 d5 3. Nc3 Bb4 4. e5 c5 5. a3 Bxc3+ 6. bxc3 Ne7 7. Qg4 Qc7 8.
Qxg7 Rg8 9. Qxh7 cxd4 10. Ne2 Nbc6 11. f4 Bd7 12. Qd3 dxc3 13. Qxc3 O-O-O 14.
Rb1 d4 15. Qc5 b6 16. Ng3 Kb8 17. Ne4 Bc8 18. Qc4 Bb7 19. Nf6 Rh8 20. Be2 Nd5
21. Nxd5 Rxd5 22. Bd2 Qe7 23. Qd3 Qh4+ 24. g3 Qh3 25. Bf1 Qh5 26. Qe2 Qh7 27.
Bg2 Qxc2 28. O-O d3 29. Qf2 Nd4 30. Rfc1 Qa2 31. Ra1 1/2-1/2

[Event "Commonwealth Chess Championship 2008"]
[Site "Nagpur India"]
[Date "2008.10.02"]
[Round "?"]
[White "Varugeese, Koshy"]
[Black "Abhijeet, Gupta"]
[Result "0-1"]
[WhiteElo "2283"]
[BlackElo "2551"]
[PlyCount "132"]
[EventDate "2008.09.28"]
[Source "MonRoi"]

1. c4 Nf6 2. g3 c6 3. b3 d5 4. Bb2 g6 5. Nf3 Bg7 6. Bg2 O-O 7. O-O Re8 8. d4 a5
9. a3 Nbd7 10. Nc3 Qb6 11. Ne5 a4 12. b4 dxc4 13. Nxc4 Qa6 14. Na5 Nb6 15. Re1
Be6 16. e3 Qa7 17. Rc1 h5 18. h3 Qb8 19. Qc2 Rd8 20. Nxa4 Nxa4 21. Qxa4 b6 22.
Qxc6 bxa5 23. Qxa8 Qxa8 24. Bxa8 Rxa8 25. bxa5 Rxa5 26. Kg2 Ne4 27. f3 Rb5 28.
Rc2 Nd6 29. Ree2 f5 30. Rc5 Rb3 31. Rc3 Rb7 32. h4 Kf7 33. Bc1 Rb1 34. Rb2 Ra1
35. Kf2 Nc4 36. Rb4 Nd6 37. Rb2 Bd5 38. Rbc2 Ke6 39. Rc5 Bb3 40. Rb2 Bd5 41.
Rbc2 Bf6 42. Bb2 Rh1 43. Kg2 Rd1 44. Bc1 f4 45. e4 Bb3 46. Rd2 Rxd2+ 47. Bxd2
Bxd4 48. Rg5 Be3 49. Bb4 Kf7 50. Bxd6 exd6 51. Rb5 Bc2 52. Rb2 Bd1 53. Rb1 Ba4
54. Rb4 Bc6 55. a4 fxg3 56. a5 Bf2 57. a6 Ke6 58. Rb8 d5 59. exd5+ Bxd5 60. Rg8
Kf6 61. Rd8 Ke6 62. Rg8 Kf5 63. Rd8 Bc4 64. Rd6 g5 65. hxg5 h4 66. g6 h3+ 0-1

[Event "Commonwealth Chess Championship 2008"]
[Site "Nagpur India"]
[Date "2008.10.02"]
[Round "?"]
[White "Dibyendu, Barua"]
[Black "G B, Joshi"]
[Result "1/2-1/2"]
[WhiteElo "2497"]
[BlackElo "2302"]
[PlyCount "87"]
[EventDate "2008.09.28"]
[Source "MonRoi"]

1. e4 e5 2. Bc4 Nf6 3. d3 Nc6 4. Nf3 Bc5 5. O-O O-O 6. Bb3 d6 7. c3 a6 8. h3 h6
9. Be3 Ba7 10. Nbd2 Nh5 11. Nh2 Bxe3 12. fxe3 Qg5 13. Rf3 Be6 14. Nhf1 Na5 15.
Bd5 Nc6 16. Bb3 Na5 17. Bc2 d5 18. h4 Qe7 19. exd5 Bxd5 20. Rf5 g6 21. Rxh5
gxh5 22. Qxh5 f5 23. e4 Qf7 24. Qxf7+ Bxf7 25. exf5 h5 26. Ne3 c5 27. Nf3 c4
28. dxc4 Nxc4 29. Nxc4 Bxc4 30. Nxe5 Bb5 31. Nf3 Bc6 32. Nd4 Bd5 33. Bd1 Be4
34. Bc2 Rfd8 35. Re1 Bd5 36. Re5 Bc6 37. Kf2 Kg7 38. Bb3 Kf8 39. Re3 Rd7 40.
Rg3 Rg7 41. Rxg7 Kxg7 42. g3 Kf6 43. Ke3 Bg2 44. Kf4 1/2-1/2

[Event "Commonwealth Chess Championship 2008"]
[Site "Nagpur India"]
[Date "2008.10.02"]
[Round "?"]
[White "Gogineni, Rohit"]
[Black "S, Nitin"]
[Result "1/2-1/2"]
[WhiteElo "2457"]
[BlackElo "2303"]
[PlyCount "114"]
[EventDate "2008.09.28"]
[Source "MonRoi"]

1. e4 c5 2. Nf3 d6 3. d4 cxd4 4. Nxd4 Nf6 5. Nc3 a6 6. Be2 e5 7. Nb3 Be7 8. Be3
Be6 9. f4 exf4 10. Bxf4 Nc6 11. Qd2 O-O 12. O-O-O b5 13. Bxd6 b4 14. e5 Nd7 15.
Bxe7 bxc3 16. Qxd7 Qxd7 17. Rxd7 Bxd7 18. Bxf8 Kxf8 19. Nc5 Nxe5 20. Bxa6 Bc8
21. Re1 f6 22. Bxc8 cxb2+ 23. Kxb2 Rxc8 24. Nd3 Nc4+ 25. Kc1 f5 26. Nb2 Na3 27.
Re2 Kf7 28. Nd3 Kf6 29. Nb4 Rc5 30. Re3 Nb5 31. Nd3 Rc8 32. Nf4 Kg5 33. Nd5 Rc5
34. Rg3+ Kh6 35. Nf4 Rc4 36. Ne6 Nc3 37. Kb2 Ne2 38. Re3 Rb4+ 39. Rb3 Re4 40.
Rb6 g6 41. c3 Rc4 42. Rb3 Re4 43. Rb6 Kh5 44. Nf8 Nf4 45. Nxh7 Re2+ 46. Kb3
Rxg2 47. a4 Rxh2 48. a5 Rh1 49. Kc4 Ra1 50. a6 Ne2 51. Nf6+ Kh4 52. Nd5 g5 53.
Kd3 Ng1 54. Ke3 Kg3 55. Rg6 g4 56. Rf6 Nh3 57. Rxf5 Rxa6 1/2-1/2

[Event "Commonwealth Chess Championship 2008"]
[Site "Nagpur India"]
[Date "2008.10.02"]
[Round "?"]
[White "Karthik R, Arun"]
[Black "K, Rathnakaran"]
[Result "1/2-1/2"]
[WhiteElo "2277"]
[BlackElo "2453"]
[PlyCount "135"]
[EventDate "2008.09.28"]
[Source "MonRoi"]

1. e4 e6 2. d4 d5 3. Nc3 Nf6 4. e5 Nfd7 5. f4 c5 6. Nf3 a6 7. Be3 b5 8. Ne2 b4
9. g4 Nc6 10. Bg2 Qb6 11. O-O a5 12. c3 Ba6 13. Re1 h5 14. gxh5 Rxh5 15. Ng3
Rh8 16. f5 Be7 17. fxe6 fxe6 18. Qc2 Nf8 19. Rad1 Rb8 20. Rb1 cxd4 21. Nxd4
Nxd4 22. Bxd4 b3 23. Qf2 Qc7 24. axb3 Rxb3 25. Bf1 Bc4 26. Bxc4 Qxc4 27. Rf1 g5
28. Qf7+ Kd7 29. Nh5 Qe2 30. Nf6+ Kc8 31. Rf2 Qd3 32. Ra1 Bd8 33. Bc5 Rb7 34.
Qe8 Qb5 35. Bxf8 Qxe8 36. Nxe8 Bb6 37. Nd6+ Kb8 38. Kg2 Bxf2 39. Nxb7 Kxb7 40.
Bg7 Rg8 41. Kxf2 Rxg7 42. Rxa5 Rf7+ 43. Ke3 Rf4 44. Rb5+ Kc6 45. Rb8 Re4+ 46.
Kd3 Rxe5 47. Rg8 Rf5 48. Rg6 Kd6 49. c4 Rf3+ 50. Ke2 Rb3 51. cxd5 Rxb2+ 52. Ke3
Kxd5 53. Rxg5+ e5 54. h4 Rb3+ 55. Ke2 Kd4 56. Rg8 Rb2+ 57. Ke1 Rh2 58. Ra8 Ke3
59. Ra3+ Kf4 60. Ra4+ e4 61. Ra3 Rh1+ 62. Ke2 Rxh4 63. Rb3 Rh2+ 64. Ke1 Ra2 65.
Kf1 Ke5 66. Ke1 Kd4 67. Rh3 Rg2 68. Ra3 1/2-1/2

[Event "Commonwealth Chess Championship 2008"]
[Site "Nagpur India"]
[Date "2008.10.02"]
[Round "?"]
[White "Sharma, Himanshu"]
[Black "K, Priyadharshan"]
[Result "0-1"]
[WhiteElo "2423"]
[BlackElo "2297"]
[PlyCount "74"]
[EventDate "2008.09.28"]
[Source "MonRoi"]

1. d4 Nf6 2. Nf3 e6 3. e3 b6 4. Bd3 Bb7 5. O-O d5 6. Qe2 Bd6 7. b3 O-O 8. Bb2
Ne4 9. c4 Qe7 10. Nc3 a6 11. Rac1 Nd7 12. Rfd1 f5 13. Bb1 Rf6 14. Ne5 Rh6 15.
f4 Qh4 16. h3 Nxc3 17. Bxc3 Nxe5 18. Be1 Qe7 19. dxe5 Ba3 20. Rc2 Bc5 21. Kh2
dxc4 22. Rxc4 a5 23. Rc3 Rf8 24. Bg3 Bb4 25. Rcc1 Rg6 26. Bd3 Rd8 27. Bc4 Bc5
28. Rxd8+ Qxd8 29. Rd1 Qe7 30. Qd2 Bc6 31. Qd8+ Kf7 32. Qh8 Bxe3 33. Rd8 Bg1+
34. Kxg1 Rxg3 35. Bf1 Kg6 36. Kh2 Qh4 37. Kg1 Rxh3 0-1

[Event "Commonwealth Chess Championship 2008"]
[Site "Nagpur India"]
[Date "2008.10.02"]
[Round "?"]
[White "Ponnuswamy, Konguvel"]
[Black "Swaminathan, Soumya"]
[Result "1-0"]
[WhiteElo "2415"]
[BlackElo "2293"]
[PlyCount "118"]
[EventDate "2008.09.28"]
[Source "MonRoi"]

1. e4 c5 2. Nf3 d6 3. d4 cxd4 4. Nxd4 Nf6 5. Nc3 e6 6. g4 h6 7. h3 Nc6 8. Be3
Bd7 9. f4 a6 10. Bg2 Rc8 11. Qe2 b5 12. a3 Qc7 13. Nxc6 Bxc6 14. O-O-O Be7 15.
Bd4 e5 16. Be3 exf4 17. Bxf4 Nd7 18. h4 Ne5 19. g5 h5 20. Bxe5 dxe5 21. Bh3 Rd8
22. Nd5 Bxd5 23. exd5 g6 24. Rhe1 Bd6 25. Rf1 O-O 26. Rf6 Kg7 27. Rdf1 b4 28.
axb4 Bxb4 29. Be6 fxe6 30. Qe4 Rxf6 31. Rxf6 Kh8 32. Qxb4 exd5 33. Rxg6 d4 34.
Rh6+ Kg7 35. Rb6 Rd7 36. Kb1 e4 37. Rb8 Qd6 38. Qb3 Qd5 39. Qb6 Qd6 40. Qb3 Qd5
41. Qa3 Qd6 42. Rb7 Kg6 43. Rxd7 Qxd7 44. Qxa6+ Kf5 45. Qf6+ Kg4 46. g6 d3 47.
g7 dxc2+ 48. Kxc2 Qd3+ 49. Kc1 Qe3+ 50. Kb1 Qd3+ 51. Ka2 Qd5+ 52. Ka3 Qa5+ 53.
Kb3 Qb5+ 54. Kc3 Qc5+ 55. Kd2 Qd5+ 56. Ke1 Qa5+ 57. Qc3 Qa8 58. Kf2 e3+ 59.
Qxe3 Qg8 1-0

[Event "Commonwealth Chess Championship 2008"]
[Site "Nagpur India"]
[Date "2008.10.02"]
[Round "?"]
[White "Manisha Mohanty, Kiran"]
[Black "Roy, Saptarshi"]
[Result "0-1"]
[WhiteElo "2246"]
[BlackElo "2404"]
[PlyCount "100"]
[EventDate "2008.09.28"]
[Source "MonRoi"]

1. e4 d5 2. exd5 Qxd5 3. Nc3 Qa5 4. d4 Nf6 5. Bc4 c6 6. Nf3 Bf5 7. Ne5 e6 8. g4
Bg6 9. h4 Nbd7 10. Nxd7 Nxd7 11. h5 Be4 12. Rh3 Bd5 13. Bd3 O-O-O 14. Bd2 e5
15. dxe5 Nxe5 16. Bf5+ Kc7 17. Nxd5+ Qxd5 18. Bc3 Bb4 19. Qxd5 Bxc3+ 20. Rxc3
Rxd5 21. Rd1 Rxd1+ 22. Kxd1 g6 23. Re3 Rd8+ 24. Kc1 Nc4 25. Rc3 Rd4 26. Bd3 Ne5
27. f3 Nxd3+ 28. cxd3 gxh5 29. gxh5 Rf4 30. Rc5 f6 31. Rc4 Rxf3 32. Rg4 Rxd3
33. h6 Rd7 34. Rg8 Kd6 35. Kd2 Ke6+ 36. Ke3 c5 37. b3 b6 38. Ke2 f5 39. Ke3 Kf6
40. Ke2 Rc7 41. a4 c4 42. bxc4 Rxc4 43. a5 bxa5 44. Rg7 Re4+ 45. Kf3 Re7 46.
Rg2 a4 47. Rc2 Kg5 48. Rc6 Rb7 49. Ra6 Rb3+ 50. Kf2 a3 0-1

[Event "Commonwealth Chess Championship 2008"]
[Site "Nagpur India"]
[Date "2008.10.02"]
[Round "?"]
[White "Arghyadip, Das"]
[Black "Javed, Mohammad"]
[Result "1-0"]
[WhiteElo "2404"]
[BlackElo "2264"]
[PlyCount "51"]
[EventDate "2008.09.28"]
[Source "MonRoi"]

1. e4 e5 2. Nc3 Nf6 3. Nf3 Nc6 4. g3 Bc5 5. Bg2 a6 6. Nxe5 Nxe5 7. d4 Bxd4 8.
Qxd4 d6 9. h3 O-O 10. f4 Nc6 11. Qf2 d5 12. exd5 Nb4 13. O-O a5 14. a3 Na6 15.
Be3 Re8 16. Rae1 h5 17. f5 Re5 18. Bd4 Rxf5 19. Qe3 Bd7 20. d6 c6 21. Qe7 Qxe7
22. Rxe7 Rxf1+ 23. Bxf1 Nb8 24. Bxf6 gxf6 25. Ne4 Kf8 26. Nxf6 1-0

[Event "Commonwealth Chess Championship 2008"]
[Site "Nagpur India"]
[Date "2008.10.02"]
[Round "?"]
[White "Lanka, Ravi"]
[Black "R, Premnath"]
[Result "1/2-1/2"]
[WhiteElo "2371"]
[BlackElo "2257"]
[PlyCount "59"]
[EventDate "2008.09.28"]
[Source "MonRoi"]

1. c4 Nf6 2. Nf3 e6 3. d4 c5 4. g3 cxd4 5. Nxd4 a6 6. Bg2 Bb4+ 7. Bd2 Be7 8.
Nc3 O-O 9. O-O Nc6 10. Nc2 d6 11. b3 Qc7 12. Rc1 Rb8 13. Ne1 Ne5 14. e4 b6 15.
Qe2 Bb7 16. f4 Ned7 17. Nd3 Rbc8 18. f5 exf5 19. Nd5 Nxd5 20. exd5 Rce8 21.
Rxf5 Bg5 22. Qf2 Bxd2 23. Qxd2 Nc5 24. Nf2 Bc8 25. Rf4 a5 26. Qc3 Re2 27. a3
Qe7 28. Nd1 Re8 29. b4 axb4 30. axb4 1/2-1/2

[Event "Commonwealth Chess Championship 2008"]
[Site "Nagpur India"]
[Date "2008.10.02"]
[Round "?"]
[White "Nikil P, Shyam"]
[Black "Rout, Padmini"]
[Result "1-0"]
[WhiteElo "2364"]
[BlackElo "2256"]
[PlyCount "107"]
[EventDate "2008.09.28"]
[Source "MonRoi"]

1. e4 c5 2. Nf3 Nc6 3. d4 cxd4 4. Nxd4 e5 5. Nb5 a6 6. Nd6+ Bxd6 7. Qxd6 Qf6 8.
Qd2 Nge7 9. Nc3 O-O 10. Bd3 d6 11. O-O Be6 12. b3 Rfd8 13. Bb2 Ng6 14. Nd5 Bxd5
15. exd5 Nce7 16. Rad1 Qf4 17. g3 Qxd2 18. Rxd2 f5 19. f4 e4 20. Be2 Nf8 21.
Ba3 Kf7 22. Kf2 g6 23. Ke3 h5 24. c4 b6 25. h3 Nh7 26. Rh1 Nf6 27. Bd1 Rac8 28.
Bb2 b5 29. Be2 bxc4 30. bxc4 Rb8 31. Ba3 Rb6 32. Kd4 a5 33. Rb2 Rxb2 34. Bxb2
Rb8 35. Ba3 Rb6 36. Rc1 Nd7 37. Bd1 a4 38. Bc2 Nc8 39. Bxa4 Ra6 40. Bxd7 Rxa3
41. c5 dxc5+ 42. Kxc5 Ne7 43. Bb5 Rxa2 44. d6 Rd2 45. dxe7 Kxe7 46. h4 Ke6 47.
Bc4+ Kf6 48. Rc3 Rd8 49. Ra3 Rd7 50. Bd5 Re7 51. Kd4 Rc7 52. Rb3 Rc8 53. Rb7
Rf8 54. Ke3 1-0

[Event "Commonwealth Chess Championship 2008"]
[Site "Nagpur India"]
[Date "2008.10.02"]
[Round "?"]
[White "Guy, West"]
[Black "P, Priya"]
[Result "1-0"]
[WhiteElo "2342"]
[BlackElo "2190"]
[PlyCount "77"]
[EventDate "2008.09.28"]
[Source "MonRoi"]

1. d4 Nf6 2. c4 e6 3. Nf3 Nc6 4. e3 d6 5. Nc3 g6 6. Be2 Bg7 7. O-O O-O 8. b3
Re8 9. Bb2 Nd7 10. d5 Ncb8 11. dxe6 Rxe6 12. Qc2 Ne5 13. Rad1 Nbd7 14. Rd2 Re8
15. Nxe5 dxe5 16. Rfd1 f5 17. e4 c6 18. exf5 gxf5 19. Qxf5 Qf6 20. Qh5 Rf8 21.
Ne4 Qf4 22. Bd3 Rf5 23. Qe8+ Rf8 24. Qe6+ Kh8 25. g3 Qf3 26. Ng5 Qh5 27. Qe7 h6
28. Ne6 Rg8 29. Be2 Qf5 30. Rxd7 Bxd7 31. Qxd7 Qc2 32. Rd2 Qb1+ 33. Kg2 Qe4+
34. Bf3 Qg6 35. Nxg7 Qxg7 36. Qxg7+ Kxg7 37. Bxe5+ Kg6 38. Rd6+ Kf5 39. Bd4 1-0

[Event "Commonwealth Chess Championship 2008"]
[Site "Nagpur India"]
[Date "2008.10.02"]
[Round "?"]
[White "Kutwal, Shashikant"]
[Black "T G M, Peiris"]
[Result "1-0"]
[WhiteElo "2340"]
[BlackElo "2091"]
[PlyCount "79"]
[EventDate "2008.09.28"]
[Source "MonRoi"]

1. e4 c5 2. Nf3 Nc6 3. d4 cxd4 4. Nxd4 g6 5. c4 Bg7 6. Be3 Nf6 7. Nc3 O-O 8.
Be2 d6 9. O-O Nxd4 10. Bxd4 Be6 11. Rc1 Nd7 12. Be3 Nc5 13. b4 Bxc3 14. Rxc3
Nxe4 15. Ra3 a5 16. Qd4 Nf6 17. Bh6 Re8 18. g4 Bc8 19. f4 Qc7 20. Re3 Rd8 21.
a3 axb4 22. axb4 e5 23. Qc3 Nxg4 24. Bxg4 Bxg4 25. fxe5 dxe5 26. Rxe5 f5 27.
Rfe1 Rd1 28. h3 Bh5 29. Rxd1 Bxd1 30. Qe1 Ba4 31. Re7 Qb6+ 32. c5 Qf6 33. Rg7+
Kh8 34. Rxb7 Qd4+ 35. Be3 Qe5 36. Re7 Qf6 37. Bd2 Kg8 38. Bc3 Qg5+ 39. Kh2 Bb3
40. Re8+ 1-0

[Event "COMMONWEALTH CHESS CHAMPIONSHI"]
[Site "Nagpur,India"]
[Date "2008.10.02"]
[Round "6.31"]
[White "Pranav, Shetty"]
[Black "Sangma, Rahul"]
[Result "0-1"]
[WhiteElo "2138"]
[BlackElo "2339"]
[PlyCount "80"]
[EventDate "2008.09.28"]

1. e4 e5 2. Nf3 Nc6 3. Bc4 Nf6 4. d3 Be7 5. O-O O-O 6. Re1 d6 7. a4 h6 8. h3
Be6 9. Nc3 Qd7 10. a5 Kh8 11. a6 Bxc4 12. axb7 Rab8 13. dxc4 Rxb7 14. b3 Qe6
15. Be3 Ra8 16. Ra4 a5 17. Nd2 Nd4 18. Bxd4 exd4 19. Nd5 c6 20. Nf4 Qc8 21. Nf3
g5 22. Nd3 g4 23. Nxd4 gxh3 24. Qf3 hxg2 25. Nf5 Nh7 26. Nxh6 Qe6 27. Qh5 Bg5
28. Nf5 Rg8 29. Ng3 Rg6 30. Nf5 Rb8 31. f4 Bf6 32. Re3 Rbg8 33. Rh3 R8g7 34.
Rxa5 Qc8 35. Nxg7 Bd4+ 36. Nf2 Bxf2+ 37. Kxf2 g1=Q+ 38. Ke2 Qg2+ 39. Ke1 Qgxh3
40. Ra8 Qe3+ {White Resigns} 0-1

[Event "COMMONWEALTH CHESS CHAMPIONSHI"]
[Site "Nagpur,India"]
[Date "2008.10.02"]
[Round "6.32"]
[White "Lalith, Babu M R"]
[Black "Anurag, Mhamal"]
[Result "1-0"]
[WhiteElo "2328"]
[BlackElo "2113"]
[PlyCount "113"]
[EventDate "2008.09.28"]

1. Nf3 d5 2. d4 e6 3. c4 c6 4. Qc2 Bd6 5. Bg5 f6 6. Bh4 Ne7 7. Bg3 O-O 8. e3
Ng6 9. Bd3 f5 10. Nc3 Na6 11. a3 Nc7 12. c5 Bxg3 13. hxg3 b6 14. Na2 Bd7 15.
Nb4 Qe8 16. Rc1 b5 17. Qc3 a5 18. Nc2 Qe7 19. Ne5 Nxe5 20. dxe5 g6 21. Nd4 Qg7
22. f4 h5 23. Kf2 Kf7 24. Rh2 a4 25. Rch1 Rh8 26. Nf3 Ke7 27. Qc2 Raf8 28. Ng5
Rfg8 29. Qc3 Qf8 30. Nf3 Qa8 31. Nh4 Be8 32. Qc2 Bf7 33. Nf3 Qb8 34. Nd4 Qa8
35. Be2 Kd7 36. Qc3 Ke7 37. Nf3 Be8 38. Ng5 Bf7 39. Qd4 Rd8 40. g4 fxg4 41.
Bxg4 Na6 42. Be2 Qa7 43. Rc1 Rb8 44. f5 Rbf8 45. f6+ Ke8 46. e4 Nb8 47. exd5
cxd5 48. Bxb5+ Kd8 49. Qxa4 Qc7 50. Qd4 h4 51. c6 Rh5 52. Qc5 Rxg5 53. Qxf8+
Be8 54. Qd6+ Kc8 55. Qxc7+ Kxc7 56. Rxh4 Rxe5 57. Rh7+ {Black Resigns} 1-0

[Event "COMMONWEALTH CHESS CHAMPIONSHI"]
[Site "Nagpur,India"]
[Date "2008.10.02"]
[Round "6.34"]
[White "Fenil, Shah"]
[Black "Rahman, Md  Taibur"]
[Result "0-1"]
[WhiteElo "2129"]
[BlackElo "2307"]
[PlyCount "98"]
[EventDate "2008.09.28"]

1. e4 c5 2. Nf3 Nc6 3. c3 Nf6 4. e5 Nd5 5. d4 cxd4 6. cxd4 d6 7. Bc4 Nb6 8. Bb5
Bd7 9. Nc3 dxe5 10. dxe5 a6 11. Be2 Bf5 12. Bf4 e6 13. O-O Be7 14. g3 O-O 15.
Rc1 Qxd1 16. Rfxd1 Rfd8 17. Kf1 h6 18. h3 Kf8 19. Ke1 Ke8 20. Rxd8+ Rxd8 21.
Rd1 Rxd1+ 22. Kxd1 Bd8 23. Nd2 Bc7 24. Nde4 Bxe4 25. Nxe4 Nd7 26. Nd6+ Bxd6 27.
exd6 Nf6 28. Bf3 Kd7 29. Kd2 Ne8 30. Bh5 g6 31. Bf3 h5 32. g4 hxg4 33. hxg4
Nxd6 34. g5 e5 35. Bg3 Ke6 36. Bg4+ Kd5 37. Kd3 e4+ 38. Kc3 Nf5 39. Bf4 Ne5 40.
Bd1 Nd4 41. Be3 Nb5+ 42. Kb4 Nd3+ 43. Ka5 Nxb2 44. Bb3+ Nc4+ 45. Kb4 Nba3 46.
Bb6 Kc6 47. Bd4 b5 48. Kc3 Nb1+ 49. Kc2 Nbd2 {White Resigns} 0-1

[Event "COMMONWEALTH CHESS CHAMPIONSHI"]
[Site "Nagpur,India"]
[Date "2008.10.02"]
[Round "6.35"]
[White "Vaibhav, Suri"]
[Black "Panchanathan, Magesh Chandran"]
[Result "1-0"]
[WhiteElo "2081"]
[BlackElo "2486"]
[PlyCount "61"]
[EventDate "2008.09.28"]

1. e4 e5 2. Nf3 Nc6 3. Bc4 Nf6 4. d3 Be7 5. O-O O-O 6. Re1 d6 7. a4 Be6 8. Nbd2
Nd7 9. c3 Bg5 10. Nxg5 Qxg5 11. Nf3 Qf6 12. Bb3 Bxb3 13. Qxb3 Nc5 14. Qd1 Ne6
15. g3 Rad8 16. Nh4 d5 17. Qg4 dxe4 18. dxe4 Na5 19. Be3 Nc4 20. Qe2 Nxe3 21.
Qxe3 a5 22. Rad1 b6 23. Rd5 Nc5 24. Nf3 c6 25. Rxd8 Rxd8 26. Kg2 Nxa4 27. Ra1
Nxb2 28. Qxb6 Nc4 29. Qc5 Rd3 30. Ne1 Rxc3 31. Qb4 {Black Resigns} 1-0

[Event "COMMONWEALTH CHESS CHAMPIONSHI"]
[Site "Nagpur,India"]
[Date "2008.10.02"]
[Round "6.36"]
[White "Neelotpal, Das"]
[Black "Dhar-Barua, Saheli"]
[Result "1-0"]
[WhiteElo "2462"]
[BlackElo "2180"]
[PlyCount "73"]
[EventDate "2008.09.28"]

1. Nf3 f5 2. g3 Nf6 3. d4 g6 4. b3 Bg7 5. Bb2 d6 6. Bg2 c6 7. c4 e5 8. dxe5 Ng4
9. Qc2 Nxe5 10. O-O O-O 11. Nbd2 Qe7 12. e3 Nbd7 13. Nd4 Nf6 14. a4 Re8 15.
Rfe1 Bd7 16. Re2 Nf7 17. Rd1 Ne4 18. N4f3 Bxb2 19. Qxb2 d5 20. cxd5 cxd5 21.
Nb1 Rac8 22. Rxd5 Be6 23. Rd1 Qb4 24. Nd4 Red8 25. Bxe4 fxe4 26. Nxe6 Rxd1+ 27.
Kg2 Ne5 28. Qxe5 Qe7 29. Nc3 Rxc3 30. Qxc3 Qxe6 31. Rc2 Kf7 32. Qh8 Rd7 33. Rc8
Qg4 34. Rf8+ Ke6 35. Qf6+ Kd5 36. Qd4+ Ke6 37. Rf6+ {Black Resigns} 1-0

[Event "COMMONWEALTH CHESS CHAMPIONSHI"]
[Site "Nagpur,India"]
[Date "2008.10.02"]
[Round "6.37"]
[White "Ankit, R  Rajpara"]
[Black "Thejkumar, M  S."]
[Result "0-1"]
[WhiteElo "2194"]
[BlackElo "2441"]
[PlyCount "86"]
[EventDate "2008.09.28"]

1. d4 Nf6 2. Nf3 c5 3. e3 e6 4. Bd3 d5 5. c3 Bd6 6. Nbd2 O-O 7. O-O Nbd7 8. Re1
Qc7 9. e4 cxd4 10. cxd4 dxe4 11. Nxe4 Bb4 12. Bd2 Bxd2 13. Qxd2 b6 14. Rac1 Qb8
15. Ne5 Bb7 16. Ng5 Qd6 17. Qc2 g6 18. Qa4 Kg7 19. Bc4 Bd5 20. Bxd5 Qxd5 21.
Rc7 b5 22. Qb4 a5 23. Qe7 Rae8 24. Rxd7 Rxe7 25. Rxe7 Qd6 26. Ra7 Qb6 27. Re7
Qd6 28. Ra7 Qb6 29. Re7 Qd6 30. Ra7 h6 31. Nexf7 Qb6 32. Re7 Re8 33. Rxe8 Nxe8
34. Rc1 Qxd4 35. g3 Nd6 36. Nxd6 Qxd6 37. Re1 Qd2 38. Nf3 Qxb2 39. Rxe6 Qxa2
40. Ra6 b4 41. Kg2 b3 42. Rb6 b2 43. Nd2 a4 {White Resigns} 0-1

[Event "COMMONWEALTH CHESS CHAMPIONSHI"]
[Site "Nagpur,India"]
[Date "2008.10.02"]
[Round "6.39"]
[White "Akshayraj, Kore"]
[Black "Thipsay, Bagyashree Sathe"]
[Result "1/2-1/2"]
[WhiteElo "2392"]
[BlackElo "2195"]
[PlyCount "53"]
[EventDate "2008.09.28"]

1. e4 c6 2. d4 d5 3. Nc3 dxe4 4. Nxe4 Nd7 5. Ng5 Ngf6 6. Bd3 e6 7. N1f3 Bd6 8.
Qe2 h6 9. Ne4 Nxe4 10. Qxe4 Nf6 11. Qe2 Qc7 12. Bd2 b6 13. O-O-O Bb7 14. Ne5
O-O-O 15. f4 Kb8 16. Kb1 Rhe8 17. Rhf1 Nd5 18. a3 f6 19. Bg6 Rf8 20. Nd3 Ne7
21. Bh5 Nf5 22. Bf3 Bc8 23. g3 Ne7 24. Be1 c5 25. dxc5 Bxc5 26. Bb4 Nd5 27.
Nxc5 1/2-1/2